JRE-IKST-039の採用駅 - Statistics

General Stats
  • This quiz has been taken 14 times
    10 since last reset
  • The average score is 7 of 8
Answer Stats
Answer % Correct
銚子
100%
成東
100%
八街
100%
四街道
100%
佐倉
86%
都賀
86%
榎戸
71%
物井
71%
No matching quizzes found
Score Distribution
Percent of People with Each Score
Percentile by Number Answered
Your Score History
You have not taken this quiz since the last reset